Hodnocení funkcí dvou systémů sociální politiky pro osoby v hmotné nouzi v roce 2014
Vyhodnotenie fungovania systému sociálnej politiky v ČR a zhodnotenie politiky zamestnanosti a pomoci v hmotnej núdzi pre osoby nachádzajúce sa v hmotnej núdzi.
Salvato in:
| Autore principale: | |
|---|---|
| Altri autori: | |
| Natura: | Capitolo di libro |
| Lingua: | ceco |
| Soggetti: | |
| Tags: |
Nessun Tag, puoi essere il primo ad aggiungerne!!
|
MARC
| LEADER | 00000naa a2200000 4500 | ||
|---|---|---|---|
| 001 | 0233598 | ||
| 005 | 20220805075631.0 | ||
| 041 | 0 | |a cze | |
| 044 | |a CZ | ||
| 245 | 1 | 0 | |a Hodnocení funkcí dvou systémů sociální politiky pro osoby v hmotné nouzi v roce 2014 |c Ondřej Hora, Jiří Vyhlídal |
| 520 | |a Vyhodnotenie fungovania systému sociálnej politiky v ČR a zhodnotenie politiky zamestnanosti a pomoci v hmotnej núdzi pre osoby nachádzajúce sa v hmotnej núdzi. | ||
| 610 | 2 | 0 | |a politika sociálna |
| 610 | 2 | 0 | |a politika zamestnanosti |
| 610 | 2 | 0 | |a ochrana sociálna |
| 610 | 2 | 0 | |a pomoc sociálna |
| 610 | 2 | 0 | |a núdza hmotná |
| 610 | 2 | 0 | |a domácnosti |
| 610 | 2 | 0 | |a Česko |
| 100 | 1 | |a Hora, Ondřej | |
| 700 | 1 | |a Vyhlídal, Jiří | |